'United' Countries Quiz Stats

 Plays Quiz Updated Dec 17, 2018

Support Sporcle.
Go Orange.
Score 0/5 Timer 01:30
1 Play Today
Country % Correct
United States of America
98.3%
United Arab Emirates
89.6%
United Kingdom of Great Britain and Northern Ireland
78.9%
United Mexican States
21.2%
United Republic of Tanzania
6.4%

You're not logged in!

Compare scores with friends on all Sporcle quizzes.
OR
Log In
Forgot?

From the Vault

Profile: Barack Obama

by Chuck316

History 6m
Happy birthday, Barry!
Remove Ads.
Support Sporcle.
Get the best of Sporcle when you Go Orange. This ad-free experience offers more features, more stats, and more fun while also helping to support Sporcle. Thank you for becoming a member.

Show Comments

Extras

Top Quizzes Today


Score Distribution

Your Account Isn't Verified!

In order to create a playlist on Sporcle, you need to verify the email address you used during registration. Go to your Sporcle Settings to finish the process.

Report this User

Report this user for behavior that violates our Community Guidelines.

Details: